[Event "GCT Paris Rapid 2021"]
[Site "Paris"]
[Date "2021.06.19"]
[Round "4.4"]
[White "Firouzja, Alireza"]
[Black "Caruana, Fabiano"]
[Result "1/2-1/2"]
[WhiteElo "2759"]
[BlackElo "2820"]
[Annotator "TA"]
[PlyCount "168"]
[EventDate "2021.06.18"]
[EventType "tourn"]
[EventCountry "FRA"]
[SourceTitle "playchess.com"]
[Source "ChessBase"]
[SourceQuality "1"]

{[%evp 10,168,16,15,22,22,21,21,31,18,46,23,30,31,34,31,45,23,33,36,36,33,54,
48,55,59,57,20,68,50,68,0,39,0,0,0,44,52,22,30,56,35,197,192,213,76,93,25,18,6,
93,84,81,123,87,92,207,219,212,181,229,224,352,205,200,50,68,62,65,14,59,54,
106,99,99,112,100,69,68,58,144,75,76,75,75,81,208,64,61,66,68,56,61,44,105,70,
70,70,66,70,70,70,79,59,73,80,104,45,66,64,67,66,66,56,68,38,68,79,227,219,219,
219,247,257,251,244,484,8,8,8,8,8,8,8,8,8,8,8,8,8,8,8,8,0,8,0,8,0,8,8,8,0,0,0,
8,8,8,0,0,0,0]} 1. e4 e5 2. Nf3 Nc6 3. Bc4 Bc5 4. d3 Nf6 5. Bg5 h6 6. Bh4 Be7 {
C50: Hungarian Defence and Giuoco Pianissimo.} 7. Bg3 d6 8. a4 O-O 9. Nbd2 Be6
10. Bxe6 fxe6 11. c3 a5 12. O-O {[#]} Nd7 $146 ({Predecessor:} 12... Qe8 13.
Qb3 Nd8 14. d4 exd4 15. cxd4 Kh8 16. Rac1 c6 17. e5 dxe5 18. Nxe5 Nh5 {1-0 (88)
Demchenko,A (2610)-Aradhya,G (2198) Chess.com INT 2021}) 13. Nc4 Qe8 14. Re1
Qg6 15. d4 exd4 16. cxd4 Nb4 17. Qb3 b6 18. Rac1 Kh8 19. Na3 c5 20. Qd1 ({
White should try} 20. d5 $14) 20... Rad8 21. Nb5 cxd4 $1 22. Nxd6 Nc5 {[#]} 23.
Ne5 $1 Qf6 24. Ndc4 Kh7 25. h4 h5 $2 (25... Bd6 $14) 26. Nxb6 $18 (26. Qxh5+ $6
Qh6 $16) 26... d3 27. Re3 (27. Qxh5+ $18 {is the precise move to win.} Qh6 28.
Qxh6+ gxh6 29. Red1) 27... Qh6 $16 28. Nbc4 (28. Nf3 $16) 28... g5 $11 29. Nf3
(29. Nxa5 gxh4 30. Bh2 d2 $19) 29... gxh4 (29... g4 $1 $11 {remains equal.} 30.
Nfe5 Na2) 30. Bc7 $36 {[%mdl 2048] White is in control.} (30. Nxh4 Bg5 $15)
30... Rc8 31. Bxa5 Nc2 32. Bd2 $1 Qf6 (32... Rcd8 $16) 33. Nfe5 $1 $18 {
[%mdl 64] Discovered Attack} Nxe3 (33... Qxf2+ $2 34. Kh1 $18) 34. Bxe3 (34.
Qxh5+ $6 Qh6 $14) 34... Kg7 35. Qxh5 Rh8 (35... Nxe4 $142 36. Rf1 (36. Nxd3 Qf5
$14) 36... Ng3 37. Qg4+ {[%mdl 64] Double Attack} Kh7) 36. Qg4+ (36. Qd1 $142)
36... Kh7 37. Nf3 ({Better is} 37. Rd1 $18) 37... Rcg8 $1 $14 {[%cal Rg8g4]}
38. Qh5+ Kg7 {[#]} 39. Qxh8+ Rxh8 (39... Kxh8 {feels hotter.} 40. Bd4 Qxd4 41.
Nxd4 Nxe4 42. Nxe6 h3) 40. Bd4 Nxe4 ({Don't go for} 40... e5 $2 41. Bxe5 Nxe4
42. Bxf6+ Bxf6 43. Re1 $18) (40... Nxa4 $14 41. Ra1 (41. Bxf6+ Kxf6 42. Rd1 Rd8
$16) 41... Nc5) 41. Bxf6+ Kxf6 42. Rd1 Rd8 43. Nce5 ({Of course not} 43. Nxh4
$6 Bc5 $15) 43... d2 {With the idea ...Bc5.} 44. Kf1 Rc8 (44... Ra8 $1 $14) 45.
Ng4+ (45. Ke2 $142) 45... Kg7 $16 46. Nxd2 Nxd2+ 47. Rxd2 {[%mdl 4096] Endgame
aiming for b3. KRB-KRN} Rc4 {[#]} (47... Rc1+ $16 {was worth a try.} 48. Ke2
Rc4) 48. Ne5 (48. Rd7 $1 $18 Rxa4 49. Rxe7+ Kf8 50. Rxe6 Rxg4 51. Rb6) 48...
Rxa4 $14 49. Rd7 Kf6 50. Nd3 Rc4 51. f4 Bf8 (51... Rc2 $14) 52. Ke2 Rc2+ 53.
Kf3 Be7 $1 54. Rb7 Bd6 55. Nf2 {Ne4+ is the strong threat.} Bc7 56. Ng4+ Kg6
57. Ne3 Rc1 58. Kg4 (58. b4 $16) 58... Kf6 59. Rb4 {Hoping for Rc4.} Re1 60.
Kf3 Rh1 61. Rb7 Rc1 62. b4 Rc3 63. Ke4 $1 Bd6 (63... Ke7 $16) 64. Rb6 $18 Ke7
65. f5 Rc1 66. f6+ Kd7 67. f7 {And now Rxd6+! would win.} Rc8 $2 {[#]} (67...
Bf8 68. Rb7+ Kc8) 68. Ng4 $2 ({White must play} 68. Rb7+ $1 $18 Kc6 {[#]} 69.
Nc4 $1 {[%mdl 512]}) 68... Rc4+ $11 {The position is equal.} 69. Ke3 Rxg4 {[#]}
70. Rxd6+ $1 {KR-KR} Ke7 {[#]} 71. Rd7+ $1 Kf8 72. b5 Rb4 73. Rb7 {Threatens
to win with b6.} e5 $1 74. b6 {Strongly threatening Kd2.} e4 $1 75. Kf4 Kg7 76.
Ke3 Kf8 77. Kd2 {Black must now prevent Rb8+.} Rb3 78. Ke2 e3 (78... Rb2+ {
is more complex.} 79. Kf1 Rb1+ 80. Kf2 Rb2+ 81. Kg1 Rb1+) 79. Kf3 Kg7 $1 80.
Kg4 e2 81. Re7 Rxb6 82. Rxe2 Rb4+ 83. Kh3 Kxf7 84. g3 hxg3 {Blacks defense is
rewarded with a draw.  Weighted Error Value: White=0.25/Black=0.23} 1/2-1/2

[Event "GCT Paris Rapid 2021"]
[Site "Paris"]
[Date "2021.06.19"]
[Round "4.5"]
[White "Svidler, Peter"]
[Black "Radjabov, Teimour"]
[Result "1/2-1/2"]
[WhiteElo "2714"]
[BlackElo "2765"]
[Annotator "TA"]
[PlyCount "60"]
[EventDate "2021.06.18"]
[EventType "tourn"]
[EventCountry "FRA"]
[SourceTitle "playchess.com"]
[Source "ChessBase"]
[SourceQuality "1"]

{[%evp 20,60,16,19,11,11,20,35,31,22,26,20,33,24,30,0,0,0,0,0,0,-4,-4,-10,0,-7,
0,0,0,0,0,0,0,0,0,0,0,0,0,0,0,0,0]} 1. e4 e6 2. d4 d5 3. Nc3 Nf6 4. e5 Nfd7 5.
f4 c5 6. Nf3 Nc6 7. Be3 cxd4 8. Nxd4 Qb6 9. Qd2 Qxb2 10. Rb1 Qa3 11. Bb5 {
[#] Strongly threatening Rb3.} Nxd4 {C11: French: Classical System: 4 e5 and 4
Bg5 dxe4.} 12. Bxd4 ({Of course not} 12. Qxd4 a6 $17) 12... a6 $1 {12...a6 is
better than 12...Bb4.} 13. Bxd7+ Bxd7 {White is slightly better.} 14. Rb3 Qe7
15. Rxb7 Rc8 16. O-O Qd8 17. Ne2 Be7 {The position is equal.} 18. Bb6 Bc5+ 19.
Bxc5 Rxc5 {[#]} 20. Nd4 $146 ({Predecessor:} 20. Rfb1 O-O 21. Nd4 Qc8 22. R7b4
Qc7 23. Rb7 Qc8 24. R7b4 Qc7 25. Rb7 {1/2-1/2 (25) Kryvoruchko,Y (2692)-Popov,
I (2609) Antalya 2017}) 20... O-O 21. h3 Qc8 22. Rb3 Ba4 23. Rg3 {Black must
now prevent f5.} Bxc2 24. f5 $1 Bxf5 25. Rxf5 exf5 26. Rxg7+ Kxg7 27. Qg5+ {
[%mdl 64] [#] Double Attack} Kh8 28. Qf6+ Kg8 29. Qg5+ Kh8 30. Qf6+ Kg8 {
Not much happened in this game.  Weighted Error Value: White=0.02/Black=0.03}
1/2-1/2

[Event "GCT Paris Rapid 2021"]
[Site "Paris"]
[Date "2021.06.19"]
[Round "5.1"]
[White "Radjabov, Teimour"]
[Black "So, Wesley"]
[Result "1/2-1/2"]
[WhiteElo "2765"]
[BlackElo "2770"]
[Annotator "TA"]
[PlyCount "65"]
[EventDate "2021.06.18"]
[EventType "tourn"]
[EventCountry "FRA"]
[SourceTitle "playchess.com"]
[Source "ChessBase"]
[SourceQuality "1"]

{[%evp 15,65,23,20,7,19,0,0,0,0,0,0,0,0,0,0,0,0,0,0,0,0,0,0,0,0,-11,-13,-20,
-16,-64,-64,-70,-72,-64,-72,-91,-77,-98,-85,-108,0,0,0,0,0,0,0,0,0,0,0,-8]} 1.
d4 Nf6 2. c4 e6 3. Nf3 d5 4. Nc3 Bb4 5. Bg5 dxc4 6. e4 h6 7. Bxf6 Qxf6 8. Bxc4
c5 9. e5 {D39: Queen's Gambit Declined: Ragozin Defence with 5 Bg5 dxc4.} Qd8
10. d5 (10. O-O {keeps more tension.} cxd4 11. Nxd4 O-O 12. Rc1 Bc5 13. Nf3)
10... exd5 11. Bxd5 Bxc3+ 12. bxc3 O-O 13. O-O Nc6 {[#]} 14. Qb3 $146 ({
Predecessor:} 14. Bxc6 bxc6 15. Qa4 Qb6 16. Qa3 Qb5 17. Rfe1 Be6 18. Rab1 Qc4
19. Rb2 Rfd8 20. Nd2 {0-1 (68) Savchenko,B (2577)-Nihal,S (2612) Moscow 2019})
14... Na5 15. Qd1 Be6 16. Bxe6 fxe6 17. Qa4 Nc6 18. Rab1 Qe7 19. Qb5 Rf7 20.
Rfd1 Raf8 21. Rd3 a6 22. Qa4 Rf4 23. Qd1 b5 $1 24. Qd2 Qe8 {And now ...c4
would win.} 25. Re1 Qg6 26. Kh1 {[#]} Qf5 $1 27. Rd6 {[#]} Rxf3 (27... Ne7 $1
$17 {White must now prevent ...Nd5.} 28. Kg1 Rc4) 28. gxf3 $11 {The position
is equal.} Qxf3+ {[%mdl 64] Double Attack} 29. Kg1 Qg4+ 30. Kh1 Qf3+ {[%mdl 64]
Double Attack} 31. Kg1 Qg4+ 32. Kh1 Qf3+ {[%mdl 64] Double Attack} 33. Kg1 {
Weighted Error Value: White=0.06/Black=0.05} 1/2-1/2

[Event "GCT Paris Rapid 2021"]
[Site "Paris"]
[Date "2021.06.19"]
[Round "5.2"]
[White "Caruana, Fabiano"]
[Black "Svidler, Peter"]
[Result "1-0"]
[WhiteElo "2820"]
[BlackElo "2714"]
[Annotator "TA"]
[PlyCount "85"]
[EventDate "2021.06.18"]
[EventType "tourn"]
[EventCountry "FRA"]
[SourceTitle "playchess.com"]
[Source "ChessBase"]
[SourceQuality "1"]

{[%evp 14,85,60,44,60,33,53,20,32,22,40,25,27,31,25,35,27,12,15,0,0,0,16,5,19,
16,6,0,0,-6,0,0,16,13,21,11,0,-7,0,0,0,0,0,-26,-13,-5,-9,-16,-22,-52,0,0,0,0,0,
0,0,0,13,0,151,151,586,612,600,609,600,593,550,491,2663,2507,29993,29994]} 1.
e4 c5 2. Nf3 e6 3. d4 cxd4 4. Nxd4 a6 5. Bd3 Bc5 6. Nb3 Be7 7. Qg4 g6 8. Qe2 d6
{B42: Sicilian: Kan Variation: 5 Bd3.} 9. Be3 Nd7 10. N1d2 Ngf6 {The position
is equal.} 11. Bh6 Ne5 {[#]} 12. O-O $146 ({Predecessor:} 12. f3 Bd7 13. O-O
Qb6+ 14. Kh1 Bf8 15. Bxf8 Kxf8 16. f4 Nxd3 17. cxd3 Bb5 18. e5 {1-0 (28)
Semenov,S (2192)-Muzas,K (2151) ICCF email 2006}) 12... Neg4 13. Bg7 Rg8 14.
Bxf6 Nxf6 15. f4 e5 16. fxe5 dxe5 17. Nc4 Be6 18. Kh1 Qc7 19. Ne3 Kf8 20. c4
Kg7 21. Nd2 Rge8 (21... Rac8 {is interesting.} 22. Nf3 Bg4 23. a3 Rgd8 24. b4
b6) 22. Nd5 Bxd5 23. cxd5 Rac8 24. a4 Rf8 25. a5 Ne8 26. Nc4 Bc5 27. Qg4 Bd4
28. Ra2 Nd6 29. b3 Qe7 30. h4 h5 31. Qh3 Rc7 (31... Rc5 $15) 32. g4 $11 hxg4
33. Qxg4 Rh8 34. Rh2 Rh5 35. Rh3 Qd7 36. Qg2 Rc8 $2 {[#]} ({Black should try} 
36... Qe7 $11) 37. Be2 $16 Rch8 {A mistake that costs the game.} (37... Rxc4
$16 {is tougher.} 38. bxc4 Rh6) 38. Bxh5 $18 Rxh5 39. Nxd6 Qxd6 40. Qg4 Qd8 41.
Kg2 {Threatens to win with Rg3.} Rh7 (41... Kg8 $142 42. d6 Qxd6 43. Qc8+ Qf8
44. Qxb7 Rh7) 42. h5 Qxa5 {[#]} 43. Rxf7+ $1 {[%mdl 512] Weighted Error Value:
White=0.07/Black=0.53} 1-0

[Event "GCT Paris Rapid 2021"]
[Site "Paris"]
[Date "2021.06.19"]
[Round "5.3"]
[White "Bacrot, Etienne"]
[Black "Firouzja, Alireza"]
[Result "1/2-1/2"]
[WhiteElo "2678"]
[BlackElo "2759"]
[Annotator "TA"]
[PlyCount "98"]
[EventDate "2021.06.18"]
[EventType "tourn"]
[EventCountry "FRA"]
[SourceTitle "playchess.com"]
[Source "ChessBase"]
[SourceQuality "1"]

{[%evp 16,98,28,14,33,22,26,25,50,72,54,57,51,60,79,30,64,37,86,27,23,0,31,-36,
0,-5,-9,-21,-6,-33,-42,-38,-29,-28,-18,-28,0,0,0,0,45,48,44,24,24,24,33,13,13,
13,13,13,15,0,0,0,20,0,23,8,9,0,8,0,0,0,0,0,0,0,8,0,0,0,0,0,8,8,8,8,8,0,0,0,0]
} 1. Nf3 d5 2. e3 Nf6 3. c4 e6 4. Nc3 Be7 5. b3 O-O 6. Bb2 b6 7. d4 Bb7 8. Bd3
Nbd7 9. O-O a6 {E14: Queen's Indian: Classical Variation (4 e3).} 10. Qc2 {[#]}
dxc4 $146 ({Predecessor:} 10... Bd6 11. e4 dxe4 12. Nxe4 Nxe4 13. Bxe4 Bxe4 14.
Qxe4 b5 15. Rfd1 bxc4 16. bxc4 Rb8 17. Qc2 {1/2-1/2 (35) Cori,J (2660)
-Raznikov,D (2485) Columbus 2017}) 11. bxc4 c5 {White has an edge.} 12. d5 exd5
13. Nxd5 Bxd5 14. cxd5 b5 15. Rad1 {Black should prevent e4.} Bd6 16. Bf5 {
aiming for g4.} Re8 17. e4 (17. Ng5 $16 {And now Bxd7 would win.} h6 18. Bxd7
Qxd7 19. Bxf6 hxg5 20. Bxg5) 17... Qc7 $11 18. Rfe1 c4 19. Re3 ({White should
play} 19. Qd2 $14) 19... Rad8 20. g3 Ne5 21. Nd4 b4 22. Nc6 (22. f4 $5 {
[%cal Rf4e5]} Neg4 23. Re2 $11) 22... Nxc6 23. Bxf6 gxf6 24. dxc6 Qxc6 25. Red3
Kf8 26. Rd5 c3 27. Qd3 {[%cal Rd5d6]} c2 28. Rc1 Qc3 29. Rxc2 Qxd3 30. Rxd3 Be5
31. Rcd2 (31. Rd5 {is more complex.} Rxd5 32. exd5 a5 33. f4 Bd4+ 34. Kg2)
31... Rxd3 32. Rxd3 {[%mdl 4096] Endgame KRB-KRB} a5 33. Bd7 Rd8 34. Bb5 Rxd3
35. Bxd3 {KB-KB} Ke7 36. Kf1 Kd6 37. Bc4 Kc5 {The position is equal.} 38. Bxf7
Kd4 39. f3 a4 40. Kg2 Ke3 41. Bg8 h6 42. Bd5 Kd4 43. Bf7 Ke3 44. Be6 Bc7 45.
Bd5 Kd4 46. Kh3 f5 47. Kh4 f4 48. gxf4 Bxf4 49. h3 Ke5 {Weighted Error Value:
White=0.12/Black=0.08} 1/2-1/2

[Event "GCT Paris Rapid 2021"]
[Site "Paris"]
[Date "2021.06.19"]
[Round "5.4"]
[White "Rapport, Richard"]
[Black "Vachier-Lagrave, Maxime"]
[Result "1/2-1/2"]
[WhiteElo "2763"]
[BlackElo "2760"]
[Annotator "TA"]
[PlyCount "124"]
[EventDate "2021.06.18"]
[EventType "tourn"]
[EventCountry "FRA"]
[SourceTitle "playchess.com"]
[Source "ChessBase"]
[SourceQuality "1"]

{[%evp 13,124,14,13,0,37,30,35,8,18,27,42,47,47,53,65,41,65,66,76,81,75,82,77,
80,122,60,70,62,57,39,71,48,60,57,43,54,45,49,68,74,74,43,46,52,48,33,38,43,50,
31,41,9,9,12,16,0,0,0,17,0,0,0,0,0,0,-8,-8,-9,-9,-9,-9,-9,-8,-8,-8,-8,-8,-8,-8,
-8,-8,-8,-8,-8,-8,-8,-8,-8,-8,-9,-8,-8,-8,-8,-8,-8,0,0,0,0,0,0,0,0,0,-8,-8,-8,
-8,-8,0,0,0]} 1. Nf3 d5 2. d4 Nf6 3. c4 c6 4. Qb3 dxc4 5. Qxc4 Bf5 6. g3 e6 7.
Bg2 Be7 8. O-O {D23: Queen's Gambit Accepted: 3 Nf3 Nf6 sidelines.} Qb6 9. Nc3
O-O 10. e3 {[#] White is slightly better.} a5 $146 (10... h6 {is more complex.}
11. Ne5 Rd8 12. Rd1 Bh7 13. Qe2 Qa6) ({Predecessor:} 10... Qa6 11. Qxa6 Nxa6
12. Ne5 Rfd8 13. e4 Bg6 14. Be3 Bb4 15. Nxg6 hxg6 16. a3 Be7 {1-0 (42) Makris,
S (1731)-Harokopakis,G (2009) Kanoni 2019}) 11. Re1 Qa6 12. Qxa6 Nxa6 13. e4
Bg6 14. Ne5 Rfd8 15. Be3 $1 Nb4 {With the idea ...Nc2.} 16. Rac1 ({Much worse
is} 16. Nxg6 hxg6 17. Rad1 Nc2 $11) 16... Nd7 17. Nxg6 hxg6 18. Red1 e5 {[#]}
19. a3 (19. d5 $1 $16) 19... exd4 $14 20. Rxd4 {Threatens to win with Rcd1.}
Na6 21. Rcd1 Ne5 22. Rxd8+ Rxd8 23. Rxd8+ Bxd8 24. Bf1 Nc7 25. f4 Ng4 26. Ba7
Nf6 27. e5 Nfd5 28. Ne4 b6 29. Bc4 Kf8 30. Kf2 Be7 31. Bb8 Ke8 32. h4 f5 {
The position is equal.} 33. exf6 gxf6 34. f5 gxf5 35. Nc3 b5 36. Nxd5 Nxd5 $11
{[%mdl 4096] Endgame KBB-KBN} 37. Bd3 Bc5+ 38. Ke2 Ne7 39. Kd1 Bd4 40. Kc2 Be5
41. Ba7 Bxg3 42. h5 Bd6 43. Bb6 a4 44. h6 {Threatening h7.} Kf7 45. Bd4 Kg6 46.
h7 Kxh7 {[#] Hoping for ...Kg7.} 47. Bxf6 Kg6 48. Bxe7 Bxe7 {KB-KB} 49. Be2 b4
50. Bf3 $1 c5 51. Bc6 bxa3 52. bxa3 f4 53. Kd3 Kf5 54. Bxa4 Kg4 55. Bd1+ Kg3
56. Kc4 f3 57. a4 f2 58. Be2 Bd8 59. a5 Bxa5 60. Kxc5 Kg2 61. Kb5 f1=Q 62.
Bxf1+ Kxf1 {Weighted Error Value: White=0.06/Black=0.05} 1/2-1/2

[Event "GCT Paris Rapid 2021"]
[Site "Paris"]
[Date "2021.06.19"]
[Round "5.5"]
[White "Nepomniachtchi, Ian"]
[Black "Aronian, Levon"]
[Result "1-0"]
[WhiteElo "2792"]
[BlackElo "2781"]
[Annotator "TA"]
[PlyCount "75"]
[EventDate "2021.06.18"]
[EventType "tourn"]
[EventCountry "FRA"]
[SourceTitle "playchess.com"]
[Source "ChessBase"]
[SourceQuality "1"]

{[%evp 9,75,12,21,7,10,15,11,0,0,0,9,0,8,0,0,0,0,7,7,0,0,0,27,17,20,21,24,19,
30,31,40,36,27,27,27,33,60,60,49,52,52,50,59,63,227,244,252,252,250,235,556,
556,556,563,540,539,478,470,799,796,789,783,783,762,777,761,1083,1083]} 1. c4
Nf6 2. Nf3 e6 3. g3 d5 4. Bg2 (4. d4 Be7 5. Bg2 O-O 6. Nc3 Nbd7 7. b3 dxc4 8.
bxc4 c5 9. O-O cxd4 10. Nxd4 Ne5 11. Rb1 Nxc4 12. Bxb7 Bxb7 13. Rxb7 {1/2-1/2 
(13) Nepomniachtchi,I (2773)-Aronian,L (2772) Kolkata 2019}) 4... dxc4 5. Qa4+
Bd7 6. Qxc4 {A13: English Opening: 1...e6.} c5 7. Ne5 Qc8 8. b3 {The position
is equal.} Nc6 9. Nxd7 Qxd7 10. Bb2 Be7 11. O-O Rc8 12. Rd1 O-O 13. Nc3 a6 {[#]
} 14. Rac1 $146 ({Predecessor:} 14. Qf4 b5 15. d3 Rfd8 16. Rab1 h6 17. Qd2 Ng4
18. h3 Nf6 19. Ne4 Nxe4 20. Bxe4 {1/2-1/2 (53) Quinones Borda,J (2405)
-Cusicanqui,M (2412) ICCF email 2018}) 14... b5 15. Qf4 h6 16. d3 Rfd8 17. Qd2
Qa7 18. e3 Qb6 19. Qe2 Nb4 20. a3 Nbd5 21. Nxd5 Nxd5 22. d4 Nf6 23. dxc5 Rxd1+
24. Rxd1 Bxc5 25. Bxf6 gxf6 26. Qh5 {Strongly threatening Rd7.} Bxa3 $2 {
This costs Black the game.} (26... Be7 $14) 27. Rd7 $1 $18 ({Resist} 27. Qxh6
$6 Rd8 $16) 27... Rf8 {[#]} 28. Be4 $1 {[%cal Re4g6] Intending Bg6! and mate.}
({And not} 28. Qxh6 Rd8 $14) 28... f5 29. Qxh6 $40 {[%mdl 128] Black must now
prevent Bxf5! White wants a kill.} fxe4 {[#]} (29... Qc5 {is a better chance.})
30. Rd5 $3 {[%cal Rd5g5][%mdl 576] Pin. White is clearly winning.} Qxe3 (30...
exd5 31. Qxb6) 31. Qxe3 {Threatening mate with Rg5+.} exd5 {[%mdl 4096]
Endgame KQ-KRB} 32. Qg5+ {[%mdl 64] Double Attack} Kh8 33. Qxd5 f5 (33... Bb2
$142 34. Qxe4 Kg8) 34. Qd4+ Kg8 35. b4 Bc1 36. Qb6 Rf7 37. Qxa6 e3 38. Qc8+ {
[%mdl 64] Double Attack.  Weighted Error Value: White=0.01/Black=0.31} 1-0

[Event "GCT Paris Rapid 2021"]
[Site "Paris"]
[Date "2021.06.19"]
[Round "6.1"]
[White "So, Wesley"]
[Black "Aronian, Levon"]
[Result "1/2-1/2"]
[WhiteElo "2770"]
[BlackElo "2781"]
[Annotator "TA"]
[PlyCount "59"]
[EventDate "2021.06.18"]
[EventType "tourn"]
[EventCountry "FRA"]
[SourceTitle "playchess.com"]
[Source "ChessBase"]
[SourceQuality "1"]

{[%evp 18,59,0,0,0,0,10,0,5,5,5,12,9,6,95,0,0,-4,87,1,18,21,46,39,42,25,44,0,0,
0,0,0,0,0,0,0,0,0,12,0,0,0,2,0]} 1. d4 Nf6 2. c4 e6 3. Nc3 Bb4 4. e3 O-O 5. Bd3
d5 6. a3 Bxc3+ 7. bxc3 dxc4 8. Bxc4 c5 9. Nf3 Qc7 10. Be2 b6 {E53:
Nimzo-Indian: Rubinstein: Main Line (4...0-0 5 Nf3 d5 6 Bd3 c5 7 0-0).} 11. Bb2
Bb7 12. O-O Rd8 13. Re1 Nc6 {[#]} 14. Bd3 $146 ({Predecessor:} 14. a4 Rac8 15.
Rc1 Qb8 16. c4 cxd4 17. exd4 Qf4 18. g3 Qd6 19. Bd3 Ne7 20. d5 {1/2-1/2 (38)
Gajewski,G (2616)-Iordachescu,V (2651) Moscow 2012}) 14... e5 {Strongly
threatening ...e4.} 15. Bf1 Rd6 {[#]} (15... Qc8 $11 {keeps the balance.}) 16.
a4 (16. e4 $1 $16) 16... Re8 $11 17. Rc1 Bc8 {[#]} (17... Na5 $11 {remains
equal.}) 18. h3 (18. e4 $1 $16) 18... Bf5 (18... e4 $5 {[%cal Re4f3]} 19. Nd2
Rd5 $11) 19. Bb5 Re7 20. Qe2 e4 $1 {[%cal Re4f3]} 21. Nd2 Na5 22. Qd1 Bc8 {
The position is equal.} 23. Bf1 Rd5 24. c4 Rg5 25. f4 exf3 26. Qxf3 Rf5 27. Qd1
Rg5 28. Qf3 {With the idea Qf4.} Rf5 29. Qd1 Rg5 30. Qf3 {Weighted Error Value:
White=0.13/Black=0.19} 1/2-1/2

[Event "GCT Paris Rapid 2021"]
[Site "Paris"]
[Date "2021.06.19"]
[Round "6.2"]
[White "Vachier-Lagrave, Maxime"]
[Black "Nepomniachtchi, Ian"]
[Result "1-0"]
[WhiteElo "2760"]
[BlackElo "2792"]
[Annotator "TA"]
[PlyCount "51"]
[EventDate "2021.06.18"]
[EventType "tourn"]
[EventCountry "FRA"]
[SourceTitle "playchess.com"]
[Source "ChessBase"]
[SourceQuality "1"]

{[%evp 12,51,5,-16,55,-51,-17,-75,-76,-99,-99,-108,-101,-161,-150,-186,-166,
-172,-75,-67,-55,-55,-55,-106,-73,-50,-50,-128,0,0,0,0,0,0,0,0,0,0,663,633,
29982,29983]} 1. e4 e6 2. d4 d5 3. e5 c5 4. c3 Nc6 5. Nf3 Bd7 6. Be2 Nge7 7. h4
f6 {[#] C02: French: Advance Variation.} ({Black should play} 7... cxd4 $11 8.
cxd4 Qb6) 8. h5 $146 (8. exf6 $14 gxf6 9. dxc5) ({Predecessor:} 8. Bd3 fxe5 9.
Nxe5 Nxe5 10. dxe5 Qc7 11. Bf4 O-O-O 12. Nd2 c4 13. Bc2 Nc6 14. Qe2 Bc5 15. O-O
{1/2-1/2 (67) Friedel,M (2121)-Wanner,L (1944) Kiel 2015}) 8... Qb6 9. g4 (9.
exf6 $11 {keeps the balance.} gxf6 10. dxc5 Qxc5 11. Na3) 9... Ng8 $17 {
Black is better.} 10. Na3 cxd4 11. cxd4 fxe5 12. dxe5 (12. Nxe5 $17 Nxe5 13.
dxe5) 12... Bc5 $19 13. Nb5 {[#]} Nxe5 $1 {[%mdl 512]} 14. Nxe5 Bxb5 (14...
Bxf2+ $19 {and Black stays clearly on top.} 15. Kf1 Bg3 16. Nc7+ Qxc7 17. Nxd7
Qxd7) 15. O-O $17 Nf6 16. Bxb5+ Qxb5 17. g5 (17. h6 $15 g6 18. Be3) 17... Ne4
18. Qg4 Qb6 {...0-0 is the strong threat.} 19. g6 (19. Kg2 $1 $15) 19... O-O-O
(19... Bd4 $17 20. Qf4 (20. Be3 $2 Bxe3 21. fxe3 Qxe3+ 22. Kh2 Qd2+ 23. Kh3
O-O-O $19) 20... Qc7) 20. Bf4 $11 hxg6 (20... Qxb2 $2 21. Qxe6+ Kb8 22. Nd3+
Bd6 23. Nxb2 $18) (20... Bxf2+ $6 21. Kh1 $16) 21. Rac1 {And now b4 would win.}
gxh5 (21... Rxh5 $2 22. Nxg6 Rh7 23. b4 $18) 22. Qg6 {Strongly threatening b4.}
Rhf8 23. Bh2 {Black must now prevent b4.} Rf6 ({But not} 23... Rxf2 $2 24. Rxf2
Qd6 25. Nd3 $18) (23... Nxf2 24. Rxc5+ $1 {[%mdl 512]} Qxc5 25. Qxe6+ Kb8 26.
Nd7+ Ka8 27. Nxc5 Nh3+ 28. Qxh3) (23... Qxb2 $2 24. Qxe6+ Kb8 25. Nd3+ Ka8 26.
Nxb2 $18) 24. Qxg7 {Threatens to win with b4!} Rxf2 $2 {[%mdl 8192]} (24...
Nxf2 $11 25. Kg2 (25. Rxc5+ $2 Qxc5 26. Kg2 Qc2 $19) 25... Ne4 $1) 25. Rxf2 $18
Nxf2 {[#]} 26. Nd7 $1 {[%mdl 576] Double Attack. Never resign too early! 
Weighted Error Value: White=0.28/Black=0.72} 1-0